[Event "Mittelfranken-chTB2a 1819"]
[Site "Mittelfranken"]
[Date "2019.01.27"]
[Round "4.1"]
[White "Killmann, Martin"]
[Black "Kirch, Dietmar"]
[Result "1/2-1/2"]
[WhiteElo "2062"]
[BlackElo "1995"]
[PlyCount "52"]
[EventDate "2018.10.14"]
[EventType "team-tourn"]
[EventRounds "9"]
[EventCountry "GER"]
[SourceTitle "EXT 2022"]
[Source "ChessBase"]
[SourceDate "2021.10.06"]
[SourceVersion "1"]
[SourceVersionDate "2021.10.06"]
[SourceQuality "1"]
[WhiteTeam "Jaecklechemie SC"]
[BlackTeam "Buechenbach/Roth II"]
[WhiteTeamCountry "GER"]
[BlackTeamCountry "GER"]

1. d4 Nf6 2. c4 b6 3. Nc3 Bb7 4. Qc2 Nc6 5. Nf3 Nb4 6. Qa4 e6 7. a3 Bxf3 8. exf3 Nc6 9. Be3 Bd6 10. Rd1 0-0 11. Be2 a6 12. Qc2 Be7 13. d5 Ne5 14. 0-0 Qb8 15. f4 Neg4 16. Bc1 h5 17. h3 Nh6 18. Bd3 c6 19. Rfe1 cxd5 20. Nxd5 Nxd5 21. cxd5 Bf6 22. Qe2 g6 23. Bxa6 Nf5 24. Bb5 Nd4 25. Qd3 exd5 26. Be3 Nf5 1/2-1/2

[Event "Regionalliga NO 1617"]
[Site "Bayern"]
[Date "2017.01.15"]
[Round "4.7"]
[White "Bolten, Daniel"]
[Black "Kirch, Dietmar"]
[Result "1-0"]
[WhiteElo "1925"]
[BlackElo "1981"]
[PlyCount "33"]
[EventDate "2016.10.16"]
[EventType "team-tourn"]
[EventRounds "9"]
[EventCountry "GER"]
[SourceTitle "EXT 2019"]
[Source "ChessBase"]
[SourceDate "2018.10.10"]
[SourceVersion "1"]
[SourceVersionDate "2018.10.10"]
[SourceQuality "1"]
[WhiteTeam "Nuernberg Sued SW II"]
[BlackTeam "Buechenbach/Roth"]
[WhiteTeamCountry "GER"]
[BlackTeamCountry "GER"]

1. d4 d5 2. Nf3 c6 3. e3 Bf5 4. c4 Bxb1 5. Rxb1 Qa5+ 6. Bd2 Qxa2 7. Ra1 Qxb2 8. cxd5 Nf6 9. Bc4 e6 10. Bb3 exd5 11. Ra2 Qxa2 12. Bxa2 Nbd7 13. 0-0 a5 14. Qb3 b5 15. Qc2 Ra6 16. Rb1 b4 17. e4 1-0

[Event "Regionalliga NO 1516"]
[Site "Bayern"]
[Date "2016.01.17"]
[Round "5.7"]
[White "Krasotin, Valentin"]
[Black "Kirch, Dietmar"]
[Result "1/2-1/2"]
[WhiteElo "1855"]
[BlackElo "1981"]
[PlyCount "95"]
[EventDate "2015.10.11"]
[EventType "team-tourn"]
[EventRounds "9"]
[EventCountry "GER"]
[SourceTitle "EXT 2018"]
[Source "ChessBase"]
[SourceDate "2017.10.13"]
[SourceVersion "1"]
[SourceVersionDate "2017.10.13"]
[SourceQuality "1"]
[WhiteTeam "Nuernberg Sued SW II"]
[BlackTeam "Buechenbach/Roth"]
[WhiteTeamCountry "GER"]
[BlackTeamCountry "GER"]

1. e4 e5 2. Nf3 Nc6 3. Bc4 Bc5 4. c3 Nf6 5. d4 exd4 6. cxd4 Bb4+ 7. Bd2 Bxd2+ 8. Nbxd2 d5 9. exd5 Nxd5 10. Qb3 Nce7 11. 0-0 0-0 12. Rfe1 c6 13. a4 Nf4 14. Ne5 Ned5 15. Re4 Qg5 16. Qg3 Qxg3 17. fxg3 Ne6 18. Nb3 Rd8 19. h4 Bd7 20. Rf1 Be8 21. Nc5 Nxc5 22. dxc5 f6 23. Nf3 Bf7 24. Rfe1 Kf8 25. Nd4 Rd7 26. Nf5 Bg6 27. g4 Rad8 28. h5 Bxf5 29. gxf5 Nc7 30. Rg4 Rd4 31. Ree4 Rxe4 32. Rxe4 h6 33. b3 Rd2 34. Kh2 a5 35. Kg3 Nd5 36. Kf3 Nb4 37. g4 Nd3 38. Rd4 Ne5+ 39. Ke3 Nxc4+ 40. Rxc4 Rb2 41. Rc3 Ke7 42. Kd4 Kd7 43. Re3 Rb1 44. Kc3 Rc1+ 45. Kd4 Rc2 46. Re4 Rg2 47. Kc3 Rg3+ 48. Kc4 1/2-1/2

[Event "Mittelfranken-chTB1 1112"]
[Site "Germany"]
[Date "2011.10.23"]
[Round "2.5"]
[White "Maettig, Stefan"]
[Black "Kirch, Dietmar"]
[Result "0-1"]
[WhiteElo "2018"]
[BlackElo "2013"]
[PlyCount "74"]
[EventDate "2011.09.25"]
[EventType "team-tourn"]
[EventRounds "9"]
[EventCountry "GER"]
[SourceTitle "EXT 2013"]
[Source "ChessBase"]
[SourceDate "2012.11.22"]
[SourceVersion "1"]
[SourceVersionDate "2012.11.22"]
[SourceQuality "1"]
[WhiteTeam "Nuernberg NT III"]
[BlackTeam "Buechenbach/Roth"]
[WhiteTeamCountry "GER"]
[BlackTeamCountry "GER"]

1. Nf3 c6 2. g3 Nf6 3. Bg2 d5 4. 0-0 Bf5 5. d3 e6 6. Nbd2 h6 7. Re1 Be7 8. c4 0-0 9. Qb3 Na6 10. a3 Rb8 11. h3 Bh7 12. Nf1 dxc4 13. Qxc4 Nd5 14. d4 c5 15. dxc5 Nxc5 16. Be3 Rc8 17. Rac1 Nxe3 18. Nxe3 Ne4 19. Qb3 b6 20. Nc4 Qc7 21. Nfe5 Nd2 22. Nxd2 Qxe5 23. e3 Bf6 24. Nc4 Qc5 25. a4 Rfd8 26. Bf1 Bg6 27. Rcd1 Be4 28. Rxd8+ Rxd8 29. Rd1 Rc8 30. Qb5 Qc7 31. Rd7 Qb8 32. Bg2 Rc5 33. Qa6 Bxg2 34. Kxg2 Qa8+ 35. Kg1 Qc6 36. Rd1 Rxc4 37. Qxa7 Rc1 0-1

[Event "Mittelfranken-chTB1 1011"]
[Site "Germany"]
[Date "2011.04.03"]
[Round "8.8"]
[White "Sitzmann, Niklas"]
[Black "Kirch, Dietmar"]
[Result "0-1"]
[WhiteElo "1159"]
[BlackElo "1993"]
[PlyCount "108"]
[EventDate "2010.09.26"]
[EventType "team-tourn"]
[EventRounds "9"]
[EventCountry "GER"]
[SourceTitle "EXT 2012"]
[Source "ChessBase"]
[SourceDate "2011.11.24"]
[SourceVersion "1"]
[SourceVersionDate "2011.11.24"]
[SourceQuality "1"]
[WhiteTeam "Heilsbronn"]
[BlackTeam "Buechenbach/Roth"]
[WhiteTeamCountry "GER"]
[BlackTeamCountry "GER"]

1. e4 e5 2. Nf3 Nc6 3. Bb5 a6 4. Ba4 d6 5. 0-0 Bd7 6. c3 g6 7. Re1 Bg7 8. d4 f6 9. Nbd2 Nh6 10. Bb3 Qe7 11. Nf1 Nf7 12. Ne3 Rc8 13. Nd5 Qd8 14. Kh1 0-0 15. Ng1 exd4 16. cxd4 f5 17. e5 dxe5 18. dxe5 Ncxe5 19. Bf4 Kh8 20. Rc1 Bc6 21. Nf3 Re8 22. Nxe5 Nxe5 23. Nb4 Be4 24. Qxd8 Rexd8 25. f3 Nd3 26. Nxd3 Bxd3 27. Re7 Re8 28. Rcxc7 Bb5 29. Rxb7 Rxe7 30. Rxe7 Bxb2 31. h3 Bf6 32. Be5 Bxe5 33. Rxe5 f4 34. Re1 Rc7 35. Kh2 Kg7 36. Re4 g5 37. Re5 h6 38. Re6 Rc6 39. Rxc6 Bxc6 40. a4 a5 41. Bc2 Kf6 42. Kg1 Ke5 43. Kf2 Kd4 44. g3 Kc3 45. Bd1 Kb4 46. h4 Bxa4 47. Be2 Bb3 48. gxf4 gxf4 49. Bd3 a4 50. Bb1 Kc3 51. Kg2 a3 52. Kh3 Be6+ 53. Kg2 Kb2 54. Be4 a2 0-1

[Event "Mittelfranken-chTB1 1011"]
[Site "Germany"]
[Date "2011.02.13"]
[Round "6.6"]
[White "Hannweber, Markus"]
[Black "Kirch, Dietmar"]
[Result "0-1"]
[WhiteElo "1866"]
[BlackElo "1993"]
[PlyCount "60"]
[EventDate "2010.09.26"]
[EventType "team-tourn"]
[EventRounds "9"]
[EventCountry "GER"]
[SourceTitle "EXT 2012"]
[Source "ChessBase"]
[SourceDate "2011.11.24"]
[SourceVersion "1"]
[SourceVersionDate "2011.11.24"]
[SourceQuality "1"]
[WhiteTeam "Nuernberg SK 1911"]
[BlackTeam "Buechenbach/Roth"]
[WhiteTeamCountry "GER"]
[BlackTeamCountry "GER"]

1. e4 e5 2. Nf3 Nc6 3. Bc4 Bc5 4. Nc3 d6 5. h3 h6 6. d3 Nf6 7. 0-0 0-0 8. Be3 Bb6 9. Qe2 Be6 10. Bb3 Re8 11. Rad1 Bxb3 12. axb3 d5 13. Bxb6 axb6 14. exd5 Nxd5 15. Nxd5 Qxd5 16. Ra1 Rad8 17. Rfe1 f5 18. Qe3 b5 19. Kf1 e4 20. dxe4 fxe4 21. Rad1 Qxd1 22. Rxd1 Rxd1+ 23. Ne1 Nd4 24. Qc3 e3 25. f3 Re6 26. Qxc7 Rc6 27. Qd8+ Kh7 28. Qd5 Re6 29. Qd7 e2+ 30. Kf2 Rxe1 0-1

[Event "Regionalliga NO 0910"]
[Site "Bayern"]
[Date "2010.02.07"]
[Round "6.6"]
[White "Kirch, Dietmar"]
[Black "Goetz, Andreas"]
[Result "1/2-1/2"]
[WhiteElo "1993"]
[BlackElo "2064"]
[PlyCount "56"]
[EventDate "2009.10.18"]
[EventType "team-tourn"]
[EventRounds "9"]
[EventCountry "GER"]
[SourceTitle "EXT 2011"]
[Source "ChessBase"]
[SourceDate "2010.11.26"]
[SourceVersion "1"]
[SourceVersionDate "2010.11.26"]
[SourceQuality "1"]
[WhiteTeam "Buechenbach/Roth"]
[BlackTeam "Erlangen"]
[WhiteTeamCountry "GER"]
[BlackTeamCountry "GER"]

1. Nf3 Nf6 2. c4 e6 3. d4 Bb4+ 4. Nbd2 0-0 5. Qc2 d5 6. a3 Be7 7. e4 dxe4 8. Nxe4 Nbd7 9. Bd3 Nxe4 10. Bxe4 Nf6 11. Bd3 b6 12. Be3 Bb7 13. Ng5 h6 14. Nh7 Re8 15. Nxf6+ Bxf6 16. Bh7+ Kh8 17. Be4 Bxe4 18. Qxe4 c5 19. Rd1 Qc7 20. b3 cxd4 21. Bxd4 Bxd4 22. Rxd4 Rad8 23. Rxd8 Rxd8 24. 0-0 Qd6 25. Qb7 Qxa3 26. Qxf7 Qxb3 27. Qxa7 Rd4 28. c5 bxc5 1/2-1/2

[Event "Regionalliga NO 0910"]
[Site "Bayern"]
[Date "2009.11.15"]
[Round "2.8"]
[White "Kirch, Dietmar"]
[Black "Horstmann, Astrid"]
[Result "1-0"]
[WhiteElo "1993"]
[BlackElo "1764"]
[PlyCount "113"]
[EventDate "2009.10.18"]
[EventType "team-tourn"]
[EventRounds "9"]
[EventCountry "GER"]
[SourceTitle "EXT 2011"]
[Source "ChessBase"]
[SourceDate "2010.11.26"]
[SourceVersion "1"]
[SourceVersionDate "2010.11.26"]
[SourceQuality "1"]
[WhiteTeam "Buechenbach/Roth"]
[BlackTeam "Bechhofen"]
[WhiteTeamCountry "GER"]
[BlackTeamCountry "GER"]

1. c4 e5 2. Nc3 Nf6 3. g3 d5 4. cxd5 Nxd5 5. Nf3 Nxc3 6. bxc3 e4 7. Qa4+ Bd7 8. Qxe4+ Qe7 9. Qxb7 Bc6 10. Qc8+ Qd8 11. Qxd8+ Kxd8 12. Bg2 Nd7 13. 0-0 Rb8 14. d3 Bc5 15. Nd2 Bxg2 16. Kxg2 Re8 17. e3 Nf6 18. d4 Bf8 19. c4 Kd7 20. c5 Nd5 21. Ba3 g6 22. Rfb1 Bg7 23. Rxb8 Rxb8 24. Rb1 Rxb1 25. Nxb1 Kc6 26. Bb2 Kb5 27. Nc3+ Nxc3 28. Bxc3 a5 29. Kf3 a4 30. Ke2 Kc4 31. Ba5 c6 32. g4 Bf6 33. h3 h5 34. gxh5 gxh5 35. Kf3 Bh4 36. Be1 Kd5 37. Kf4 Kc4 38. Ke4 Be7 39. f3 Bd8 40. a3 Kb3 41. Bb4 Kc4 42. Ke5 Bc7+ 43. Kf6 Kd3 44. e4 Kxd4 45. Kxf7 Bf4 46. Ke6 Ke3 47. Kd7 Kxf3 48. Kxc6 Kxe4 49. Kd7 Be3 50. c6 Bb6 51. c7 Bxc7 52. Kxc7 Kf3 53. h4 Kg4 54. Be7 Kf5 55. Kb6 Ke6 56. Bb4 Kd5 57. Kb5 1-0

[Event "Mittelfranken-chTB1 0809"]
[Site "Mittelfranken"]
[Date "2009.03.08"]
[Round "7.2"]
[White "Guthmann, Peter"]
[Black "Kirch, Dietmar"]
[Result "1-0"]
[WhiteElo "2023"]
[BlackElo "2007"]
[PlyCount "51"]
[EventDate "2008.10.12"]
[EventType "team"]
[EventRounds "9"]
[EventCountry "GER"]
[SourceTitle "EXT 2011"]
[Source "ChessBase"]
[SourceDate "2010.11.26"]
[SourceVersion "1"]
[SourceVersionDate "2010.11.26"]
[SourceQuality "1"]
[WhiteTeam "Gunzenhausen/Weissenburg"]
[BlackTeam "Buechenbach/Roth"]
[WhiteTeamCountry "GER"]
[BlackTeamCountry "GER"]

1. e4 e5 2. Nf3 Nc6 3. Bb5 a6 4. Ba4 d6 5. 0-0 Bd7 6. d4 b5 7. Bb3 Nf6 8. Ng5 d5 9. dxe5 Nxe5 10. f4 Bc5+ 11. Kh1 Neg4 12. e5 Ne4 13. Qxd5 Nef2+ 14. Rxf2 Nxf2+ 15. Kg1 Nh3+ 16. Kf1 Nxg5 17. fxg5 Be6 18. Qc6+ Qd7 19. Qxa8+ Ke7 20. Qf3 Qd4 21. Nc3 Rd8 22. g6 Qxe5 23. Bxe6 Rf8 24. Bxf7 hxg6 25. Bf4 Qd4 26. Bg5+ 1-0

[Event "Mittelfranken-chTB1 0809"]
[Site "Mittelfranken"]
[Date "2009.02.08"]
[Round "6.2"]
[White "Kirch, Dietmar"]
[Black "Buchweitz, Joerg"]
[Result "1-0"]
[WhiteElo "2007"]
[BlackElo "2090"]
[PlyCount "103"]
[EventDate "2008.10.12"]
[EventType "team"]
[EventRounds "9"]
[EventCountry "GER"]
[SourceTitle "EXT 2011"]
[Source "ChessBase"]
[SourceDate "2010.11.26"]
[SourceVersion "1"]
[SourceVersionDate "2010.11.26"]
[SourceQuality "1"]
[WhiteTeam "Buechenbach/Roth"]
[BlackTeam "Lauf"]
[WhiteTeamCountry "GER"]
[BlackTeamCountry "GER"]

1. e4 e6 2. d4 d5 3. exd5 exd5 4. Nf3 Bd6 5. Bd3 Ne7 6. Ng5 h6 7. Nh3 Bf5 8. Bxf5 Nxf5 9. 0-0 Qh4 10. Qe2+ Ne7 11. c3 Nbc6 12. b3 0-0-0 13. Ba3 Rhe8 14. Bxd6 Rxd6 15. Nd2 Re6 16. Qd3 Qf6 17. Rfe1 g5 18. Rxe6 Qxe6 19. Kf1 Ng6 20. Ng1 Nf4 21. Qf3 Nxd4 22. Qd1 Qf5 23. Ndf3 Nc6 24. g3 Nd3 25. Qd2 Nc5 26. Nd4 Qd7 27. Re1 Ne4 28. Qe3 Nxd4 29. Qxd4 c5 30. Qd3 Qc6 31. f3 Nd6 32. Rxe8+ Nxe8 33. Ne2 Nf6 34. b4 cxb4 35. cxb4 Kc7 36. Qe3 a6 37. Qe7+ Kb8 38. Qe5+ Ka7 39. Nd4 Qc4+ 40. Kg2 Qxa2+ 41. Kh3 Nd7 42. Qe3 Nb6 43. b5 a5 44. Qe7 Na4 45. Qc7 Ka8 46. b6 Nxb6 47. Qxb6 Qc4 48. Nb5 Qf1+ 49. Kg4 h5+ 50. Kxg5 f6+ 51. Kg6 Qd3+ 52. Kg7 1-0

[Event "Mittelfrankenliga-B1 0708"]
[Site "Mittelfranken"]
[Date "2008.02.17"]
[Round "6.6"]
[White "Kirch, Dietmar"]
[Black "Weigel, Herbert"]
[Result "1/2-1/2"]
[WhiteElo "2007"]
[BlackElo "1990"]
[PlyCount "128"]
[EventDate "2007.10.14"]
[EventType "team-tourn"]
[EventRounds "9"]
[EventCountry "GER"]
[SourceTitle "EXT 2011"]
[Source "ChessBase"]
[SourceDate "2010.11.26"]
[SourceVersion "1"]
[SourceVersionDate "2010.11.26"]
[SourceQuality "1"]
[WhiteTeam "Buechenbach/Roth"]
[BlackTeam "Zirndorf II"]
[WhiteTeamCountry "GER"]
[BlackTeamCountry "GER"]

1. e4 c5 2. d4 cxd4 3. Nf3 Nc6 4. Nxd4 Nf6 5. Nc3 d6 6. Be3 e5 7. Nb3 Be7 8. Be2 0-0 9. 0-0 a5 10. Nd2 Be6 11. f4 exf4 12. Rxf4 Nd7 13. Rf3 Nde5 14. Rf1 Rc8 15. Nd5 Bxd5 16. exd5 Nb4 17. c4 Bg5 18. Bd4 Bxd2 19. Qxd2 Nxc4 20. Bxc4 Rxc4 21. a3 Nc2 22. Rac1 Rxd4 23. Qxc2 Rxd5 24. Qb3 Qg5 25. Qxb7 Rc5 26. Rce1 Qd5 27. Qxd5 Rxd5 28. Rd1 Rb5 29. Rxd6 g6 30. Rd2 Rfb8 31. Rd7 Rf8 32. Ra7 h6 33. h3 Kg7 34. Rf4 g5 35. Ra4 Rd8 36. b4 axb4 37. Rxb4 Rd1+ 38. Kh2 Rf5 39. Rb2 h5 40. g4 hxg4 41. hxg4 Rf4 42. Rg2 Rdd4 43. Kh3 Rd8 44. Kg3 Kg6 45. Ra5 f6 46. Ra6 Rd3+ 47. Kh2 Rff3 48. Ra4 Rxa3 49. Rxa3 Rxa3 50. Rb2 Ra7 51. Kg3 Kf7 52. Rb6 Ke7 53. Kf3 Ra3+ 54. Kf2 Rd3 55. Ra6 Rd6 56. Ra5 Ke6 57. Ke3 Rb6 58. Kf3 Rb3+ 59. Kf2 Rb4 60. Kf3 Rf4+ 61. Kg3 Rd4 62. Kf3 Rd5 63. Ra6+ Ke5 64. Ke3 Rb5 1/2-1/2

[Event "Mittelfrankenliga-B2b 0607"]
[Site "Mittelfranken"]
[Date "2007.05.06"]
[Round "9.4"]
[White "Kirch, Dietmar"]
[Black "Horneber, Thomas"]
[Result "1/2-1/2"]
[WhiteElo "1997"]
[BlackElo "1910"]
[PlyCount "28"]
[EventDate "2006.10.22"]
[EventType "team-tourn"]
[EventRounds "9"]
[EventCountry "GER"]
[SourceTitle "EXT 2011"]
[Source "ChessBase"]
[SourceDate "2010.11.26"]
[SourceVersion "1"]
[SourceVersionDate "2010.11.26"]
[SourceQuality "1"]
[WhiteTeam "Buechenbach/Roth"]
[BlackTeam "Heilsbronn"]
[WhiteTeamCountry "GER"]
[BlackTeamCountry "GER"]

1. d4 d6 2. c4 Nf6 3. Nc3 g6 4. e4 Bg7 5. Nf3 Bg4 6. Be2 0-0 7. 0-0 Nbd7 8. Ne1 Bxe2 9. Qxe2 c5 10. e5 Ne8 11. e6 fxe6 12. Qxe6+ Kh8 13. Bg5 Bf6 14. Bxf6+ Rxf6 1/2-1/2

[Event "Mittelfrankenliga-B2b 0607"]
[Site "Mittelfranken"]
[Date "2006.10.22"]
[Round "1.3"]
[White "Kirch, Dietmar"]
[Black "Diebel, Guenther"]
[Result "1-0"]
[WhiteElo "1997"]
[BlackElo "1701"]
[PlyCount "69"]
[EventDate "2006.10.22"]
[EventType "team-tourn"]
[EventRounds "9"]
[EventCountry "GER"]
[SourceTitle "EXT 2011"]
[Source "ChessBase"]
[SourceDate "2010.11.26"]
[SourceVersion "1"]
[SourceVersionDate "2010.11.26"]
[SourceQuality "1"]
[WhiteTeam "Buechenbach/Roth"]
[BlackTeam "Buechenbach/Roth II"]
[WhiteTeamCountry "GER"]
[BlackTeamCountry "GER"]

1. d4 d5 2. Nf3 Nf6 3. Nbd2 Nc6 4. e3 e6 5. c4 Bb4 6. a3 Bxd2+ 7. Bxd2 0-0 8. Bd3 dxc4 9. Bxc4 Ne4 10. 0-0 Nxd2 11. Qxd2 a6 12. Rac1 h6 13. Rfd1 Qf6 14. Qc3 Rd8 15. Bd3 g5 16. Ne5 Bd7 17. Be4 Qe7 18. Bxc6 Bxc6 19. Nxc6 bxc6 20. Qxc6 Rdc8 21. Rc5 Qd6 22. Qa4 Qb6 23. b4 Kg7 24. Rdc1 Ra7 25. Qd7 Qb7 26. f3 h5 27. Rxg5+ Kf6 28. h4 a5 29. Rc6 Ra6 30. d5 Rxc6 31. dxc6 Qa6 32. b5 Qb6 33. Qxc8 Qxe3+ 34. Kh2 Qf4+ 35. Kh3 1-0

[Event "Mittelfrankenliga-B1 0506"]
[Site "Germany"]
[Date "2006.01.15"]
[Round "4.3"]
[White "Strobel, Norbert"]
[Black "Kirch, Dietmar"]
[Result "1/2-1/2"]
[WhiteElo "1998"]
[BlackElo "2035"]
[PlyCount "90"]
[EventDate "2005.10.16"]
[EventType "team"]
[EventRounds "9"]
[EventCountry "GER"]
[SourceTitle "EXT 2007"]
[Source "ChessBase"]
[SourceDate "2006.11.23"]
[SourceVersion "1"]
[SourceVersionDate "2006.11.23"]
[SourceQuality "1"]

1. d4 d5 2. Nf3 Nf6 3. c4 e6 4. Nc3 Be7 5. Bg5 0-0 6. e3 Nbd7 7. Bd3 dxc4 8. Bxc4 c5 9. 0-0 a6 10. a4 cxd4 11. Nxd4 Ne5 12. Be2 Bd7 13. Qb3 Qc7 14. Rac1 Nc6 15. Bf3 Nxd4 16. exd4 Bc6 17. Bxf6 Bxf6 18. d5 exd5 19. Nxd5 Bxd5 20. Bxd5 Qd7 21. Rfd1 Rab8 22. Bf3 Qe7 23. Qb6 Qe5 24. b3 Rfe8 25. g3 Bd8 26. Qd6 b6 27. Qd7 Qe7 28. Qc6 Rf8 29. Rd7 Qf6 30. Qd5 Qg5 31. Qxg5 Bxg5 32. Rcc7 Rbd8 33. Bd5 Rxd7 34. Rxd7 g6 35. f4 Bf6 36. Kf2 a5 37. Kf3 Kg7 38. g4 h6 39. h3 Kg8 40. Rd6 Bd8 41. Rxg6+ Kh7 42. Rd6 Kg7 43. Ke4 Bh4 44. Kf5 Rd8 45. Rxd8 Bxd8 1/2-1/2

[Event "Mittelfrankenliga-B1 0506"]
[Site "Germany"]
[Date "2005.11.20"]
[Round "2.4"]
[White "Martin Fernandez, Rodrigo"]
[Black "Kirch, Dietmar"]
[Result "1/2-1/2"]
[WhiteElo "2079"]
[BlackElo "2035"]
[PlyCount "92"]
[EventDate "2005.10.16"]
[EventType "team"]
[EventRounds "9"]
[EventCountry "GER"]
[SourceTitle "EXT 2007"]
[Source "ChessBase"]
[SourceDate "2006.11.23"]
[SourceVersion "1"]
[SourceVersionDate "2006.11.23"]
[SourceQuality "1"]

1. d4 d5 2. c4 e6 3. Nc3 Nf6 4. Bg5 Be7 5. e3 0-0 6. Nf3 Nbd7 7. cxd5 exd5 8. Bd3 c6 9. Qc2 Re8 10. 0-0 Nf8 11. Rab1 Ng6 12. Rfc1 Bd6 13. h3 h6 14. Bxf6 Qxf6 15. Qd1 Nh4 16. Nxh4 Qxh4 17. Qf3 g5 18. Bf5 Bxf5 19. Qxf5 Re6 20. Qg4 Rf8 21. Qxh4 gxh4 22. Re1 f5 23. f4 Rf7 24. Kf2 Bb4 25. Re2 Rg7 26. Rc1 Reg6 27. Kf1 Rg3 28. Nd1 a6 29. Rcc2 Kh7 30. b3 Re7 31. Kf2 Reg7 32. Kf1 Re7 33. Rf2 Bd6 34. Rf3 Rxf3+ 35. gxf3 Rg7 36. Rg2 Rxg2 37. Kxg2 Kg6 38. Kf2 Ba3 39. Ke2 Kf6 40. Nf2 Bd6 41. Nd3 b6 42. Ne5 Bxe5 43. fxe5+ Ke6 44. Kd3 b5 45. e4 f4 46. a4 b4 1/2-1/2

[Event "Mittelfrankenliga-B1 0506"]
[Site "Germany"]
[Date "2005.10.16"]
[Round "1.4"]
[White "Kirch, Dietmar"]
[Black "Arlt, Michael"]
[Result "0-1"]
[WhiteElo "2035"]
[BlackElo "1944"]
[PlyCount "50"]
[EventDate "2005.10.16"]
[EventType "team"]
[EventRounds "9"]
[EventCountry "GER"]
[SourceTitle "EXT 2007"]
[Source "ChessBase"]
[SourceDate "2006.11.23"]
[SourceVersion "1"]
[SourceVersionDate "2006.11.23"]
[SourceQuality "1"]

1. d4 Nf6 2. Nf3 e6 3. c4 b6 4. a3 Bb7 5. Nc3 Be7 6. Bg5 d5 7. e3 Nbd7 8. Bd3 dxc4 9. Bxc4 0-0 10. 0-0 c5 11. Qe2 a6 12. Rfd1 b5 13. Ba2 b4 14. axb4 cxb4 15. Nb1 Qb6 16. Nbd2 a5 17. Ne5 Nxe5 18. dxe5 Nd5 19. Bxd5 Bxg5 20. Nc4 Qc7 21. Bxb7 Qxb7 22. Nxa5 Qa6 23. Qg4 Be7 24. Qe4 Rfd8 25. Nb3 Qxa1 0-1

[Event "Mittelfranken-chT 0405"]
[Site "Germany"]
[Date "2004.12.05"]
[Round "3.4"]
[White "Kirch, Dietmar"]
[Black "Suess, Stefan"]
[Result "0-1"]
[WhiteElo "2016"]
[BlackElo "1833"]
[PlyCount "48"]
[EventDate "2004.10.17"]
[EventType "team"]
[EventRounds "9"]
[EventCountry "GER"]
[SourceTitle "EXT 2007"]
[Source "ChessBase"]
[SourceDate "2006.11.23"]
[SourceVersion "1"]
[SourceVersionDate "2006.11.23"]
[SourceQuality "1"]

1. d4 Nf6 2. Nf3 g6 3. Nbd2 d5 4. e3 Bg7 5. Bd3 0-0 6. 0-0 Bg4 7. h3 Bxf3 8. Nxf3 Nbd7 9. b3 c5 10. Bb2 Rc8 11. Qe2 Qc7 12. c4 dxc4 13. Bxc4 Nb6 14. Rac1 Nxc4 15. Rxc4 Qa5 16. Ra4 Qb6 17. dxc5 Qxc5 18. Bd4 Qf5 19. Bxa7 Nd5 20. Qd2 Nc3 21. Nd4 Qd5 22. Rc4 Rxc4 23. bxc4 Qxc4 24. Kh1 Qxf1+ 0-1